000 00282nam a2200121Ia 4500
008 190216s9999||||xx |||||||||||||| ||und||
100 _aSuman Vajpeyi
245 0 _aHindi-Yek Swapne Ka Sach Hona
260 _bRashtra Shilpi
_c2009
300 _a160
650 _aHindi
942 _cBK
999 _c16643
_d16643